Fundamentals of Renewable Energy Systems (Record no. 14234)
[ view plain ]
| 000 -LEADER | |
|---|---|
| fixed length control field | 00411nam a22001457a 4500 |
| 003 - CONTROL NUMBER IDENTIFIER | |
| control field | OSt |
| 008 - FIXED-LENGTH DATA ELEMENTS--GENERAL INFORMATION | |
| fixed length control field | 241030b |||||||| |||| 00| 0 eng d |
| 020 ## - INTERNATIONAL STANDARD BOOK NUMBER | |
| ISBN | 9788122415407 |
| 082 ## - DEWEY DECIMAL CLASSIFICATION NUMBER | |
| Classification number | 621.47 |
| Item number | MUK/FU |
| 100 ## - MAIN ENTRY--AUTHOR NAME | |
| Personal name | Mukherjee D. |
| -- | Chakrabarti S. |
| 245 ## - TITLE STATEMENT | |
| Title | Fundamentals of Renewable Energy Systems |
| 260 ## - PUBLICATION, DISTRIBUTION, ETC. (IMPRINT) | |
| Place of publication | New Delhi |
| Name of publisher | New Age International (P) Limited, Publishers |
| Year of publication | 2011 |
| 300 ## - PHYSICAL DESCRIPTION | |
| Number of Pages | 251 |
| 942 ## - ADDED ENTRY ELEMENTS (KOHA) | |
| Koha item type | Books |
| Withdrawn status | Lost status | Damaged status | Collection code | Home library | Current library | Shelving location | Date acquired | Source of acquisition | Cost, normal purchase price | Full call number | Accession Number | Koha item type |
|---|---|---|---|---|---|---|---|---|---|---|---|---|
| KAUAET | KAUAET | Shelf- 7A | 07/06/2016 | Penta Books, Calicut | 100.00 | 621.47 KUK/FU | 24186 | Books | ||||
| KAUAET | KAUAET | Shelf- 7A | 26/07/2016 | Penta Books. | 100.00 | 621.47 MUK/FU | 24196 | Books |
